|
|
|
|
| LEADER |
01798nam a2200409 a 4500 |
| 001 |
3303 |
| 003 |
BD-DhAAL |
| 005 |
20150318093912.0 |
| 008 |
150318s1998 caua b 001 0 eng |
| 010 |
|
|
|a 98025526
|
| 020 |
|
|
|a 0787943916 (pbk. : acidfree paper)
|
| 035 |
|
|
|a (OCoLC)ocm39633999
|
| 035 |
|
|
|a (NNC)4058536
|
| 040 |
|
|
|a DLC
|c DLC
|d NNC-M
|d BD-DhAAL
|
| 050 |
0 |
0 |
|a RA440.87.U6
|b T6 1998
|
| 082 |
0 |
0 |
|a 610/.79/73
|2 21
|
| 245 |
0 |
0 |
|a To improve health and health care, 1998-1999 :
|b the Robert Wood Johnson Foundation anthology /
|c Stephen L. Isaacs and James R. Knickman, editors ; foreword by Stephen A. Schroeder.
|
| 250 |
|
|
|a 1st ed.
|
| 260 |
|
|
|a San Francisco :
|b Jossey-Bass,
|c c1998.
|
| 300 |
|
|
|a xxii, 254 p. :
|b ill. ;
|c 23 cm.
|
| 504 |
|
|
|a Includes bibliographical references and indexes.
|
| 541 |
|
|
|e BD-DhAAL
|
| 610 |
2 |
0 |
|a Robert Wood Johnson Foundation.
|9 9789
|
| 650 |
|
0 |
|a Public health
|x Research grants
|z United States.
|9 9790
|
| 650 |
|
0 |
|a Public health
|z United States
|x Endowments.
|9 9791
|
| 650 |
|
0 |
|a Medicine
|x Research grants
|z United States.
|9 9792
|
| 650 |
|
2 |
|a Public Health
|z United States.
|9 9793
|
| 650 |
|
2 |
|a Medicine
|z United States.
|9 9794
|
| 650 |
|
2 |
|a Research Support as Topic.
|9 9795
|
| 650 |
|
2 |
|a Financial Management.
|9 9796
|
| 700 |
1 |
|
|a Isaacs, Stephen L.
|9 9797
|
| 700 |
1 |
|
|a Knickman, James.
|9 9798
|
| 710 |
2 |
|
|a Robert Wood Johnson Foundation.
|9 9799
|
| 942 |
|
|
|2 ddc
|c BK
|
| 999 |
|
|
|c 34082
|d 34082
|
| 952 |
|
|
|0 0
|1 0
|2 ddc
|4 0
|6 610_797300000000000_IMP
|7 0
|9 53177
|a SCL
|b SCL
|c GEN
|d 2015-03-18
|e Gift: The Asia Foundation
|l 0
|o 610.7973 IMP
|p 3020003303
|r 2015-03-18
|t 1
|w 2015-03-18
|y BK
|
| 952 |
|
|
|0 0
|1 0
|2 ddc
|4 0
|6 610_797300000000000_IMP
|7 0
|9 53804
|a SCL
|b SCL
|c GEN
|d 2015-05-21
|e Gift: The Asia Foundation
|l 0
|o 610.7973 IMP
|p 3020003249
|r 2015-05-21
|t 2
|w 2015-05-21
|y BK
|